000 00690nam a22002177a 4500
005 20161122165518.0
010 _aENG-116612
020 _a9789351436065
_c995.00
035 _aEN-100144
037 _bDBAD/PUB
082 _a342.5402
100 _aBhat,P. Ishwara
245 _aLimited government and Judicial review /
_cby Durga Das Basu [and] P. Ishwara Bhat
260 _aGurgaon
_bLexisNexis
_c2016
270 _a14th Floor, Building No.10, Tower-B, DLF Cyber City, Phase-II
_bGurgaon
_e122002
300 _aixxxi,703p.
_c24cm(Hb)
490 _aTagore law lecture
500 _aIncludes index
700 _aBhat,P. Ishwara
942 _2ddc
_cEN
_mBAS
_h342.5402
999 _c104707
_d104707